Sports Quiz

Random Sports or Blitz Quiz

Most NFL Championship Game Appearances Quiz Stats

Quiz Updated Jan 15, 2018

Challenge
Share
Tweet
Embed
Score 0/13 Timer 02:00
39 Plays Today
Conference Team % Correct
AFCNew England Patriots
98.9%
AFCPittsburgh Steelers
96.9%
NFCDallas Cowboys
93.7%
NFCGreen Bay Packers
93.2%
AFCDenver Broncos
88.4%
NFCSan Francisco 49ers
88.3%
AFCOakland Raiders
81.9%
AFCIndianapolis Colts
76.8%
AFCMiami Dolphins
74.6%
NFCWashington Redskins
71.9%
NFCMinnesota Vikings
70%
NFCPhiladelphia Eagles
70%
NFCLos Angeles Rams
69.4%

You're not logged in!

Compare scores with friends on all Sporcle quizzes.
Sign Up with Email
OR
Log In

You Might Also Like...

Show Comments

Extras

Top Quizzes Today


Score Distribution

Your Account Isn't Verified!

In order to create a playlist on Sporcle, you need to verify the email address you used during registration. Go to your Sporcle Settings to finish the process.